[Event "Mittelfranken-chTB2a 0809"]
[Site "Mittelfranken"]
[Date "2009.01.11"]
[Round "4.1"]
[White "Guenther, Torsten"]
[Black "Seitz, Hans"]
[Result "1/2-1/2"]
[WhiteElo "2023"]
[BlackElo "2018"]
[PlyCount "80"]
[EventDate "2008.10.12"]
[EventType "team"]
[EventRounds "9"]
[EventCountry "GER"]
[SourceTitle "EXT 2011"]
[Source "ChessBase"]
[SourceDate "2010.11.26"]
[SourceVersion "1"]
[SourceVersionDate "2010.11.26"]
[SourceQuality "1"]
[WhiteTeam "Erlangen Siemens"]
[BlackTeam "Herzogenaurach"]
[WhiteTeamCountry "GER"]
[BlackTeamCountry "GER"]

1. c4 e5 2. g3 Nf6 3. Bg2 d5 4. cxd5 Nxd5 5. Nf3 Nc6 6. 0-0 Be7 7. Nc3 Nb6 8. b3 0-0 9. Bb2 f5 10. d3 Be6 11. Rc1 Bf6 12. Nd2 Qd7 13. Bxc6 bxc6 14. Qc2 Qf7 15. Nd1 Bd7 16. Nc4 Rfe8 17. Na5 Re6 18. Nb7 Be8 19. Nc5 Rd6 20. Ba3 Bg5 21. e3 Rh6 22. Nb2 Qh5 23. f4 exf4 24. gxf4 Be7 25. Rf2 Bf7 26. Rg2 Re8 27. Re1 Nd5 28. Qd2 Qh4 29. Ree2 Bd6 30. Nc4 Qe7 31. Nxd6 cxd6 32. e4 Bh5 33. Ref2 Nf6 34. e5 dxc5 35. exf6 Rxf6 36. Bb2 Rg6 37. Rxg6 Bxg6 38. Kf1 Bh5 39. Qc3 Bg4 40. Kg2 Rd8 1/2-1/2

[Event "Mittelfrankenliga-B2a 0708"]
[Site "Mittelfranken"]
[Date "2008.01.13"]
[Round "4.1"]
[White "Bachstein, Dustin"]
[Black "Guenther, Torsten"]
[Result "1-0"]
[WhiteElo "2026"]
[BlackElo "2023"]
[PlyCount "77"]
[EventDate "2007.10.14"]
[EventType "team-tourn"]
[EventRounds "9"]
[EventCountry "GER"]
[SourceTitle "EXT 2011"]
[Source "ChessBase"]
[SourceDate "2010.11.26"]
[SourceVersion "1"]
[SourceVersionDate "2010.11.26"]
[SourceQuality "1"]
[WhiteTeam "Erlangen SC II"]
[BlackTeam "Erlangen Siemens"]
[WhiteTeamCountry "GER"]
[BlackTeamCountry "GER"]

1. e4 e6 2. d4 d5 3. e5 c5 4. c3 Nc6 5. Nf3 Qb6 6. Be2 Bd7 7. 0-0 f6 8. exf6 gxf6 9. b3 cxd4 10. Nxd4 0-0-0 11. a4 Nxd4 12. cxd4 Bd6 13. Ba3 Bxa3 14. Nxa3 Ne7 15. a5 Qb4 16. Qd3 Nf5 17. Nc2 Qd6 18. Bg4 Nh4 19. Qg3 Qxg3 20. fxg3 f5 21. gxh4 fxg4 22. Rf7 Bb5 23. Rc1 Kb8 24. Ne3 Rc8 25. Rxc8+ Rxc8 26. Rxh7 Rc3 27. Nxg4 Rxb3 28. h5 Rb4 29. h6 Rxd4 30. Rh8+ Kc7 31. Ne5 Rf4 32. g3 Rf1+ 33. Kg2 Rf5 34. h7 Bf1+ 35. Kg1 Bh3 36. Rc8+ Kd6 37. Rd8+ Kc5 38. Nd3+ Kc4 39. Nf4 1-0

[Event "Mittelfrankenliga-B2a 0708"]
[Site "Mittelfranken"]
[Date "2007.10.14"]
[Round "1.1"]
[White "Guenther, Torsten"]
[Black "Wittmann, Helmut"]
[Result "0-1"]
[WhiteElo "2023"]
[BlackElo "2120"]
[PlyCount "86"]
[EventDate "2007.10.14"]
[EventType "team-tourn"]
[EventRounds "9"]
[EventCountry "GER"]
[SourceTitle "EXT 2011"]
[Source "ChessBase"]
[SourceDate "2010.11.26"]
[SourceVersion "1"]
[SourceVersionDate "2010.11.26"]
[SourceQuality "1"]
[WhiteTeam "Erlangen Siemens"]
[BlackTeam "Erlangen BSGW"]
[WhiteTeamCountry "GER"]
[BlackTeamCountry "GER"]

1. c4 e5 2. g3 g6 3. Bg2 Bg7 4. Nc3 Ne7 5. e4 a6 6. Nge2 b5 7. cxb5 axb5 8. Nxb5 Ba6 9. Nbc3 Nbc6 10. a3 Bd3 11. Ra2 f5 12. b3 Nd4 13. Nxd4 exd4 14. Qf3 Ba6 15. Na4 fxe4 16. Qxe4 Rb8 17. Nc5 Bb5 18. Qc2 Nc6 19. Qe4+ Ne5 20. f4 Bc6 21. Qe2 Bxg2 22. Qxg2 Qe7 23. fxe5 Qxc5 24. 0-0 Rxb3 25. d3 Qc6 26. Qxc6 dxc6 27. Rc2 Rf8 28. Rxc6 Kd7 29. Rc5 Rxd3 30. Bf4 Rc8 31. Re1 Ke6 32. Rc6+ Kd5 33. Ra6 g5 34. Bxg5 Bxe5 35. Rc1 Bxg3 36. Be7 Bf4 37. Rc5+ Ke4 38. Re6+ Kf3 39. Re1 Rg8+ 40. Kh1 Rd2 41. Rf1+ Ke2 42. Rg1 Rxg1+ 43. Kxg1 Kf3 0-1

[Event "Mittelfrankenliga-B2a 0607"]
[Site "Mittelfranken"]
[Date "2007.03.25"]
[Round "8.2"]
[White "Glitz, Martin"]
[Black "Guenther, Torsten"]
[Result "1/2-1/2"]
[WhiteElo "1984"]
[BlackElo "2005"]
[PlyCount "65"]
[EventDate "2006.10.22"]
[EventType "team-tourn"]
[EventRounds "9"]
[EventCountry "GER"]
[SourceTitle "EXT 2011"]
[Source "ChessBase"]
[SourceDate "2010.11.26"]
[SourceVersion "1"]
[SourceVersionDate "2010.11.26"]
[SourceQuality "1"]
[WhiteTeam "Herzogenaurach"]
[BlackTeam "Erlangen Siemens"]
[WhiteTeamCountry "GER"]
[BlackTeamCountry "GER"]

1. e4 e6 2. d4 d5 3. Nc3 Nf6 4. e5 Nfd7 5. f4 c5 6. Nf3 Nc6 7. Be3 cxd4 8. Nxd4 Bb4 9. a3 Be7 10. Qd2 Nxd4 11. Bxd4 Bc5 12. 0-0-0 Bxd4 13. Qxd4 Qb6 14. Qxb6 Nxb6 15. Nb5 Ke7 16. Bd3 Bd7 17. Nd4 Rac8 18. g4 Nc4 19. Bxc4 Rxc4 20. c3 b5 21. Kd2 a5 22. b3 Rc7 23. h3 h5 24. b4 a4 25. Rde1 g6 26. Rhg1 hxg4 27. hxg4 Rh3 28. Rc1 Rc8 29. Rg2 Rg8 30. Rf1 Rc8 31. Rc1 Rg8 32. Rf1 Rc8 33. Rc1 1/2-1/2

[Event "Mittelfrankenliga-B2a 0607"]
[Site "Mittelfranken"]
[Date "2007.02.11"]
[Round "6.2"]
[White "Lutzky, Manfred"]
[Black "Guenther, Torsten"]
[Result "0-1"]
[WhiteElo "1889"]
[BlackElo "2005"]
[PlyCount "78"]
[EventDate "2006.10.22"]
[EventType "team-tourn"]
[EventRounds "9"]
[EventCountry "GER"]
[SourceTitle "EXT 2011"]
[Source "ChessBase"]
[SourceDate "2010.11.26"]
[SourceVersion "1"]
[SourceVersionDate "2010.11.26"]
[SourceQuality "1"]
[WhiteTeam "Nuernberg NT IV"]
[BlackTeam "Erlangen Siemens"]
[WhiteTeamCountry "GER"]
[BlackTeamCountry "GER"]

1. e4 e6 2. d4 d5 3. exd5 exd5 4. Bd3 Nc6 5. c3 Bd6 6. Qf3 Nge7 7. Ne2 0-0 8. Bf4 Re8 9. 0-0 Ng6 10. Bxd6 Qxd6 11. Na3 Nce7 12. Nb5 Qd8 13. Qg3 Nf5 14. Qxc7 Qg5 15. Nd6 Nxd6 16. Qxd6 Nh4 17. Qg3 Qh6 18. Qf4 g5 19. Qd2 Bh3 20. f4 Bxg2 21. fxg5 Qg7 22. Qf4 Bxf1 23. Rxf1 Ng6 24. Qf5 Rad8 25. Ng3 Ne7 26. Qf4 Ng6 27. Qf5 Re3 28. Nh5 Qf8 29. Nf6+ Kh8 30. Bc2 Re2 31. Qh3 Qg7 32. Nh5 Nf4 33. Rxf4 Qxg5+ 34. Qg4 Qxg4+ 35. Rxg4 Rxc2 36. Nf6 Rxb2 37. Rh4 Kg7 38. Nh5+ Kg6 39. h3 Kg5 0-1

[Event "Mittelfrankenliga-B2a 0506"]
[Site "Germany"]
[Date "2006.04.30"]
[Round "9.2"]
[White "Brunner, Wolfgang"]
[Black "Guenther, Torsten"]
[Result "1/2-1/2"]
[WhiteElo "1925"]
[BlackElo "1969"]
[PlyCount "24"]
[EventDate "2005.10.16"]
[EventType "team-tourn"]
[EventRounds "9"]
[EventCountry "GER"]
[SourceTitle "EXT 2007"]
[Source "ChessBase"]
[SourceDate "2006.11.23"]
[SourceVersion "1"]
[SourceVersionDate "2006.11.23"]
[SourceQuality "1"]

1. d4 d5 2. c4 e6 3. Nc3 Nf6 4. Bg5 Be7 5. e3 0-0 6. Nf3 h6 7. Bh4 c6 8. a3 dxc4 9. Bxc4 Nd5 10. Bxd5 exd5 11. Bg3 Bf5 12. Ne5 Nd7 1/2-1/2

[Event "Mittelfrankenliga-B2a 0506"]
[Site "Germany"]
[Date "2006.01.15"]
[Round "4.2"]
[White "Guenther, Torsten"]
[Black "Aronov, Maksym"]
[Result "0-1"]
[WhiteElo "1978"]
[BlackElo "2291"]
[PlyCount "64"]
[EventDate "2005.10.16"]
[EventType "team-tourn"]
[EventRounds "9"]
[EventCountry "GER"]
[SourceTitle "EXT 2007"]
[Source "ChessBase"]
[SourceDate "2006.11.23"]
[SourceVersion "1"]
[SourceVersionDate "2006.11.23"]
[SourceQuality "1"]

1. c4 Nf6 2. g3 e5 3. Bg2 d5 4. cxd5 Nxd5 5. Nc3 Nb6 6. Nf3 Nc6 7. 0-0 Be7 8. b3 0-0 9. Bb2 Bg4 10. h3 Bh5 11. Kh2 Qd7 12. d3 f5 13. Nb1 Bf6 14. Qc1 Rae8 15. Rd1 e4 16. Ng1 Bd4 17. Na3 Bxf2 18. dxe4 Qf7 19. Rf1 fxe4 20. Qc3 Qg6 21. g4 Bd4 22. Qc2 Bxb2 23. Qxb2 Rxf1 24. Rxf1 Qd6+ 25. Kh1 Bg6 26. Nc2 Qd2 27. Qc1 Rd8 28. h4 h6 29. Bh3 Qxc1 30. Rxc1 Rd2 31. Kg2 Nd5 32. Kf2 Rxc2 0-1

[Event "Mittelfrankenliga-B2a 0506"]
[Site "Germany"]
[Date "2005.10.16"]
[Round "1.2"]
[White "Koschka, Robert"]
[Black "Guenther, Torsten"]
[Result "0-1"]
[WhiteElo "1834"]
[BlackElo "1978"]
[PlyCount "66"]
[EventDate "2005.10.16"]
[EventType "team-tourn"]
[EventRounds "9"]
[EventCountry "GER"]
[SourceTitle "EXT 2007"]
[Source "ChessBase"]
[SourceDate "2006.11.23"]
[SourceVersion "1"]
[SourceVersionDate "2006.11.23"]
[SourceQuality "1"]

1. e4 e6 2. d4 d5 3. e5 c5 4. c3 Nc6 5. Nf3 Qb6 6. Bd3 Bd7 7. 0-0 cxd4 8. cxd4 Nxd4 9. Nxd4 Qxd4 10. Nc3 Qb6 11. Qe2 a6 12. Rd1 Ne7 13. Be3 Qd8 14. Bg5 Rc8 15. Kh1 Qc7 16. Rac1 Nc6 17. f4 Be7 18. h4 Bxg5 19. hxg5 g6 20. Kg1 h6 21. gxh6 Rxh6 22. Qf2 Qa5 23. a3 Ke7 24. Ne2 Rch8 25. Ng3 Rh4 26. Rf1 Qa4 27. Qc5+ Ke8 28. Ne2 Qb3 29. Qc3 Qb6+ 30. Qc5 Qxb2 31. Rb1 Qd2 32. Rb3 d4 33. Rf3 Rh1+ 0-1